Normal view
MARC view
- Seabra, Dulce
Entry Nombre Personal
001 - NUMERO DE CONTROL
- campo de control: 40161
003 - IDENTIFICADOR DE NUMERO DE CONTROL
- campo de control: UPN
005 - FECHA Y HORA DE LA ÜLTIMA TRANSACCIÓN
- campo de control: 20210219194553.0
008 - DATOS DE LONGITUD FIJA
- campo de control de longitud fija: nabaccnnaabn|||||||||| b |nc|||||d
035 ## - NUMERO DE CONTROL
- Número de control: UPN11000012268
040 ## - FUENTE DE CATALOGACIÓN
- Lenguaje de catalogación: SPA
- Agencia de transcripción: UPN
100 1# - ENCABEZAMIENTO - NOMBRE PERSONAL
- Nombre personal: Seabra, Dulce
670 ## - FUENTE EN LA QUE SE LOCALIZARON DATOS
- Cita de la fuente: T
- Información localizada: ABC de los derechos humanos : una introducción ilustrada a la declaración universal de los derechos humanos
680 ## - NOTA PUBLICA DE ACCESO PÚBLICO
- Frase explicativa de la referencia: Brasil. Estudió Diseño y Educación a través del Arte. Editora de libros de literatura infantil
902 ## - CATALOGADOR
- Catalogador: EMR/110517
